[Event "Rostov on Don rapid GP Stage 28th"]
[Site "Rostov on Don"]
[Date "2021.10.30"]
[Round "8"]
[White "Mogilchenko, Timofey"]
[Black "Protsenko, Nikita"]
[Result "1/2-1/2"]
[WhiteElo "1959"]
[BlackElo "2024"]
[PlyCount "47"]
[EventDate "2021.10.29"]
[EventType "swiss"]
[EventRounds "11"]
[EventCountry "RUS"]
[SourceTitle "CBM 204 Extra"]
[Source "ChessBase"]
[SourceDate "2021.11.30"]
[SourceVersion "1"]
[SourceVersionDate "2021.11.30"]
[SourceQuality "1"]

1. e4 Nc6 2. d4 e5 3. d5 Nce7 4. c4 Ng6 5. g3 Bc5 6. Bg2 d6 7. Nc3 a6 8. Nf3 N8e7 9. h4 h6 10. h5 Nf8 11. Qd3 Nh7 12. Be3 Bxe3 13. Qxe3 0-0 14. Nd2 f5 15. 0-0-0 b5 16. c5 Nf6 17. Bh3 b4 18. Ne2 fxe4 19. Bxc8 Qxc8 20. Nxe4 Ng4 21. Qb3 Nxf2 22. Nxf2 Rxf2 23. Rhe1 Qg4 24. a3 1/2-1/2

[Event "South FR-ch U18"]
[Site "Loo"]
[Date "2011.11.05"]
[Round "4"]
[White "Reva, Kirill"]
[Black "Protsenko, Nikita"]
[Result "1-0"]
[WhiteElo "1908"]
[BlackElo "1820"]
[PlyCount "63"]
[EventDate "2011.11.02"]
[EventType "swiss"]
[EventRounds "9"]
[EventCountry "RUS"]
[SourceTitle "EXT 2023"]
[Source "ChessBase"]
[SourceDate "2022.10.05"]
[SourceVersion "1"]
[SourceVersionDate "2022.10.05"]
[SourceQuality "1"]

1. c4 Nc6 2. Nc3 e5 3. Nf3 f5 4. d4 e4 5. Ng5 Nf6 6. h4 Bb4 7. Nh3 0-0 8. e3 d6 9. Nf4 Bd7 10. Bd2 a5 11. h5 Ng4 12. c5 Nh6 13. Bc4+ Kh8 14. a3 Bxc3 15. Bxc3 Ne7 16. d5 Neg8 17. c6 bxc6 18. dxc6 Bc8 19. Qd2 a4 20. 0-0-0 Nf6 21. Rh3 Qe8 22. Rdh1 Qxc6 23. Ba2 Qe8 24. Qd4 Ra6 25. Rg3 c5 26. Qc4 Qe7 27. Nd5 Qd8 28. f3 Ra7 29. Nxf6 gxf6 30. fxe4 fxe4 31. Rf1 Ng4 32. Rxg4 1-0

[Event "Rostov Region-ch op"]
[Site "Rostov on Don"]
[Date "2011.10.20"]
[Round "5.20"]
[White "Tkachenko, Evgeny"]
[Black "Protsenko, Nikita"]
[Result "0-1"]
[WhiteElo "1823"]
[BlackElo "1820"]
[PlyCount "76"]
[EventDate "2011.10.20"]
[EventType "swiss"]
[EventRounds "9"]
[EventCountry "RUS"]
[SourceTitle "EXT 2022"]
[Source "ChessBase"]
[SourceDate "2021.10.06"]
[SourceVersion "1"]
[SourceVersionDate "2021.10.06"]
[SourceQuality "1"]

1. d4 Nc6 2. c4 e5 3. d5 Nce7 4. Nc3 Ng6 5. Nf3 Bc5 6. g3 a6 7. Bg2 d6 8. 0-0 N8e7 9. b4 Ba7 10. Ba3 0-0 11. Qb3 h6 12. c5 f5 13. cxd6 cxd6 14. b5 f4 15. Ne4 fxg3 16. hxg3 Nf5 17. g4 Nfh4 18. Nxh4 Qxh4 19. b6 Nf4 20. Ng3 Bb8 21. Rfe1 Bxg4 22. Qe3 h5 23. Qe4 Qg5 24. e3 Nxg2 25. Qxg2 Bf3 26. Qh2 h4 27. e4 hxg3 28. fxg3 Qg6 29. Qh4 Rf4 30. Qd8+ Kh7 31. Kf2 Bxe4+ 32. Ke2 Qh5+ 33. Kd2 Rf2+ 34. Kc3 Qf3+ 35. Kc4 Bxd5+ 36. Kb4 a5+ 37. Kb5 Qd3+ 38. Ka4 Bc6# 0-1